000 00369 a2200169 4500
001 68685
020 _a8576661721
040 _cAnchieta - Itaigara
100 _aCampos, Carmem Lucia
240 1 0 _aO campeão
_lpor
245 1 0 _aO campeão
300 _a24
362 0 _a2005
440 1 _aEscala Educacional
650 4 _aLiteratura infanto-juvenil
942 _cBK
999 _c68685
_d68685